10 największych państw według powierzchni - whammies - Statystyki

Ogólne statystyki
  • Ten quiz został rozwiązany 5 054 razy
  • Średni wynik to 8 z 10
Statystyki odpowiedzi
km² Państwo % Poprawnych
17 098 242 Rosja
100%
9 984 670 Kanada
97%
9 526 468 Stany Zjednoczone
97%
9 640 821 Chiny
96%
8 514 877 Brazylia
90%
7 692 024 Australia
77%
3 287 590 Indie
77%
2 724 900 Kazachstan
61%
2 780 400 Argentyna
53%
2 381 741 Algieria
42%
Nie znaleziono quizów pasujących do podanych kryteriów
Rozkład punktacji
Procent ludzi z każdym wynikiem
Percentyl według liczby udzielonych odpowiedzi
Twoja historia wyników
Nie rozwiązałeś tego quizu